KOHA-Header-6

Development Pathways: India, Pakistani, Bangladesh 1947 - 2022 (Record no. 13966)

000 -LEADER
fixed length control field 00299nam a22001217a 4500
020 ## - INTERNATIONAL STANDARD BOOK NUMBER
ISBN 9786277626198
082 ## - DEWEY DECIMAL CLASSIFICATION NUMBER
Classification number 954
100 ## - MAIN ENTRY--AUTHOR NAME
Personal name Ishrat Hussain
245 ## - TITLE STATEMENT
Title Development Pathways: India, Pakistani, Bangladesh 1947 - 2022
260 ## - PUBLICATION, DISTRIBUTION, ETC. (IMPRINT)
Place of publication Karachi
Name of publisher Liberty
Year of publication 2023
300 ## - PHYSICAL DESCRIPTION
Number of Pages 469 pages
942 ## - ADDED ENTRY ELEMENTS (KOHA)
Koha item type Books
Holdings
Withdrawn status Lost status Collection code Permanent Location Current Location Shelving location Date acquired Full call number Accession Number Koha item type
    Pakistan Studies / History MAJU MAJU Shelf No.A30 2024-09-10 954 11061 Books

Powered by Koha